000 00431nam a2200169Ia 4500
008 230524s9999 xx 000 0 und d
020 _a9788185618241
082 _bBAT
100 _aG.K.Batchelor
_942561
245 3 _aAn Introduction to Fulid Dynamics
250 _a1
260 _aNew Delhi
_bCambridge University Press
_c2009
300 _a"XI,609p;"
500 _aQuantity Number: 1
650 _aMechanics
942 _cBK
999 _c57524
_d57524